00828nam a2200289Ia 4500008004100000020002200041050000800063050001400071245001500085245005500100245005500155260001800210260001100228260000900239300001600248300002000264300001000284500002000294650002800314650002400342650002600366650003300392650003300425650003300458700002000491700002700511171120s9999 xx 000 0 und d a9.7897127193e+012 a658 bB658 2007 aBlue way : bCase studies on leadership, strategy, and ethics / cedited by Joseph I. B. Gonzales and Jonathan Chua. aPhilippines : bAnvil, c2007 a358 pages : billustrations ; c22cm. aIncludes index. aBusiness enterprises -- aBusiness ethics --  aStrategic planning -- xPhilippines -- Case studies. xPhilippines -- Case studies. xPhilippines -- Case studies. aChua, Jonathan. aGonzales, Joseph I. B.